Biblioteca

Intelligent design (Registro nro. 46961)

Detalles MARC
000 -LÍDER
Campo fijo de descripción fija 01997nam a22003257a 4500
001 - NÚMERO DE CONTROL
Campo de control 20610
003 - IDENTIFICADOR DEL NÚMERO DE CONTROL
Campo de control CO-MdFUSB
005 - FECHA Y HORA DE LA ULTIMA TRANSACCIÓN
control field 20180622072744.0
008 - ELEMENTOS DE LONGITUD FIJA -- INFORMACIÓN GENERAL
Campo fijo de descripción fija -- Información general 160825t2007 xxu||||g |||| 00| 0 eng d
020 ## - NÚMERO INTERNACIONAL NORMALIZADO PARA LIBROS
Número Internacional Normalizado del libro 978-0-8006-6218-9
040 ## - FUENTE DE CATALOGACIÓN
Agencia de catalogación original CO-MdFUSB
Idioma de catalogación Español
Agencia que realiza la transcripción CO-MdFUSB
Agencia que realiza la modificación CO-MdFUSB
Convenciones de la descripción rda
041 ## - CÓDIGO DE IDIOMA
Código de idioma para texto/pista de sonido o título separado eng
082 ## - NÚMERO DE CLASIFICACIÓN DECIMAL DEWEY
Número de la edición del Dewey 24
Número de clasificación 213
Clave de autor-Numero de item IN61
245 10 - TÍTULO
Título del Material Intelligent design
Parte restante del título - Subtitulo : William A. Dembski & Michael Ruse in dialogue
Mención de responsabilidad, etc. / Editado por Robert B. Stewart
264 #4 - PRODUCCIÓN, PUBLICACIÓN, DISTRIBUCIÓN, MANUFACTURA, Y COPYRIGHT
Lugar de producción, publicación, distribución, manufactura Minneapolis, Minnesota :
Nombre del productor, publicador, distribuidor Fortress Press,
Fecha de producción, publicación, distribución, manufactura, o copyright ©2007
300 ## - DESCRIPCIÓN FÍSICA
Extensión xvii, 257 páginas
336 ## - TIPO DE CONTENIDO
Fuente rdacontent
Término de tipo de contenido
Código de tipo de contenido
337 ## - TIPO DE MEDIO
Fuente rdamedia
Nombre del tipo de medio
Código del tipo de medio
338 ## - TIPO DE SOPORTE
Fuente rdacarrier
Nombre del tipo de soporte
Código Tipo de soporte
500 ## - NOTA GENERAL
Nota General Incluye índice (p. 253-257)
501 ## - NOTA DE “CON”
Nota de Contenido Rústico
505 00 - NOTA DE CONTENIDO
Nota de contenido con formato preestablecido Diseño inteligente: Un diálogo - Las guerras de la evolución: ¿Quién está luchando con quién y acerca de qué? - Naturalismo y el diseño inteligente - El colapso de un diseño inteligente - El diseño inteligente, motivos religiosos y las cláusulas religiosas de la Constitución - Dawkins, Dios y la empresa científica: Reflexiones sobre la apelación al darwinismo en el ateísmo fundamentalista - El diseño inteligente y la psicología evolutiva como programas de investigación: Una comparación de sus especificaciones más plausibles - Porque la "causa" tiene sentido: El principio cosmológico antrópico y cosmo-causalidad cuántica - La ciencia, la acción divin, y el movimiento del diseño inteligente: Una defensa de la evolución teísta - El universo como creación - Diseño inteligente: Algunas reflexiones críticas sobre el debate actual - ¿Plana o redonda? El debate del siglo VI sobre la forma de la Tierra - Epílogo: La fe en Dios y el mundo de la naturaleza
653 ## - TÉRMINO DE INDIZACIÓN - NO CONTROLADO
Término no controlado Evolution versus creation
653 ## - TÉRMINO DE INDIZACIÓN - NO CONTROLADO
Término no controlado Philosophy of religion
653 ## - TÉRMINO DE INDIZACIÓN - NO CONTROLADO
Término no controlado Filosofía de la religión
653 ## - TÉRMINO DE INDIZACIÓN - NO CONTROLADO
Término no controlado La evolución contra la creación
720 ## - ASIENTO SECUNDARIO - NOMBRE NO CONTROLADO
Nombre Stewart, Robert B.,
Término de relación editor
942 ## - TIPO DE MATERIAL (KOHA)
Tipo de Item KOHA Libros General
Existencias
Estado de Material Estado de Perdido Forma de Clasificación Estado de Dañado No para Préstamo Colección Tomo Biblioteca de Origen Biblioteca Permanente Fecha de Adquisición Total de Préstamos Signatura Topográfica Código de Barras Última vez visto Ejemplar/Existencia Fecha de Remplazo Tipo de Material
    Dewey Decimal Classification     Colección General   Biblioteca FUSBC Biblioteca FUSBC 10/08/2015   G 213 IN61i 20265 12/12/2019 Ej. 1 26/01/2016 Libros General

Biblioteca FUSBC | Teléfono: (57+4) 349 88 10 Ext. 141| WhatsApp (+57) 3005338115 
E-mail: biblioteca@unisbc.edu.co | Calle 76 87-14 Robledo Palenque, Medellín, Colombia

Con tecnología Koha